000 00409nam a2200157Ia 4500
008 210716s2004 xx 000 0 und d
020 _a8131714713
041 _aeng
082 _a660.6 THIW
100 _aThieman, William J; Palladino, Michael A.
245 _aIntroduction to biotechnology.
250 _a1
260 _aNew Delhi
_bPearson Education
_c2004
300 _axiv,304,I-10
650 _aNone
999 _c188417
_d188417